000 01139nam a2200325 i 4500
001 bg
100 1 _aTARABRA, Daniela
245 1 0 _aPrado, Madryt /
_ctekst w opracowaniu Danieli Tarabry ; [wyboru dzieł i ich fragmentów dokonała Daniela Tarabra] ; z wł. przeł. Hanna Borkowska.
246 _iTyt. oryg.:
_aPrado, Madrid
260 _aWarszawa :
_b"Świat Książki",
_c2005.
300 _a142, [1] s. :
_bil. kolor., fot., pl., portr. ;
_c27 cm.
490 1 _aMuzea Świata
500 _aTyt. oryg.: "Prado, Madrid" 2002.
504 _aIndeks.
610 2 9 _aMuseo Nacional del Prado (Madryt)
_xzbiory
650 9 _aMalarstwo europejskie
_y15-18 w.
651 9 _aMadryt (Hiszpania)
_xmuzealnictwo
_xzbiory
655 _aAlbumy
700 1 _aBORKOWSKA, Hanna.
_eTł.
830 _aMuzea Świata
015 _aPB 5358/2005
020 _a8373915621
040 _cBPK
041 1 _apol
_hita
080 _a75(4)"14/17"(084.1):069.5(460)
920 _a83-7391-562-1
942 _cKS
008 s pl f |000 0 pol
999 _c51378
_d51378
856 _uhttp://koha.tu.koszalin.pl/cgi-bin/koha/opac-detail.pl?biblionumber=51378
_yKatalog online BPK